Statistics for Michael Caine Movies

Click here to take the quiz!

General Stats

  • This quiz has been taken 21 times
  • The average score is 8 of 25

Answer Stats

Release YearCostarsMovie% Correct
2005Christian Bale, Liam NeesonBatman Begins
84%
2010Leonardo DiCaprio, Tom HardyInception
58%
1964Stanley Baker, Jack HawkinsZulu
58%
2006Christian Bale, Hugh JackmanThe Prestige
53%
2000Sylvester Stallone, Mickey RourkeGet Carter
47%
1971Ian Hendry, Britt EklandGet Carter
47%
2014Matthew McConaughey, Anne HathawayInterstellar
47%
2020John David Washington, Robert PattinsonTenet
42%
1999Tobey Maguire, Charlize TheronThe Cider House Rules
42%
1986Mia Farrow, Carrie FisherHannah and Her Sisters
37%
2014Colin Firth, Samuel L. JacksonKingsman: The Secret Service
32%
2013Jesse Eisenberg, Isla FisherNow You See Me
32%
1977James Caan, Sean ConneryA Bridge Too Far
26%
1984Michelle Johnson, Demi MooreBlame It on Rio
26%
2011Owen Wilson, Larry the Cable GuyCars 2
26%
2006Clive Owen, Julianne MooreChildren of Men
26%
1980Angie Dickinson, Nancy AllenDressed to Kill
26%
1992Frank Oz, Dave GoelzThe Muppet Christmas Carol
26%
2017Morgan Freeman, Alan ArkinGoing in Style
21%
1994Steven Seagal, R. Lee ErmeyOn Deadly Ground
21%
2005Nicolas Cage, Hope DavisThe Weather Man
21%
1990Roger Moore, Sally KirklandBullseye!
16%
1987Lorraine Gary, Lance GuestJaws: The Revenge
11%
2018Charlie Cox, Michael GambonKing of Thieves
11%
2018Johnny Depp, Emily BluntSherlock Gnomes
11%

Score Distribution

Percentile by Number Answered

Percent of People with Each Score

Your Score History

You have not taken this quiz